Catálogo
 En Linea

Penitenciarismo dominicano : (Registro nro. 5858)

Detalles MARC
000 -CABECERA
campo de control de longitud fija 01310nam a2200253 a 4500
001 - NÚMERO DE CONTROL
campo de control 000006062
005 - FECHA Y HORA DE LA ÚLTIMA TRANSACCIÓN
campo de control 20240305140450.0
008 - DATOS DE LONGITUD FIJA--INFORMACIÓN GENERAL
campo de control de longitud fija 090826s2006 dr 001 0 spa d
020 ## - NÚMERO INTERNACIONAL ESTÁNDAR DEL LIBRO
Número Internacional Estándar del Libro 9945434004
040 ## - FUENTE DE LA CATALOGACIÓN
Centro catalogador/agencia de origen DO-SdBNP
Lengua de catalogación spa
Centro/agencia transcriptor BNPHU
082 ## - NÚMERO DE LA CLASIFICACIÓN DECIMAL DEWEY
Número de clasificación 365
Número de documento/Ítem M827, 2006
100 1# - ENTRADA PRINCIPAL--NOMBRE DE PERSONA
Nombre de persona Mora, Wilfredo,
Fechas asociadas al nombre 1965-
9 (RLIN) 12701
245 10 - MENCIÓN DE TÍTULO
Título Penitenciarismo dominicano :
Resto del título entrevistas con Elio Gómez Grillo (Venezuela), Emma Mendoza Bremauntz (México), David Rivera Nazario (Puerto Rico) /
Mención de responsabilidad, etc. Mora Wilfredo.
250 ## - MENCIÓN DE EDICIÓN
Mención de edición 3a ed.
260 ## - PUBLICACIÓN, DISTRIBUCIÓN, ETC.
Lugar de publicación, distribución, etc. Santo Domingo :
Nombre del editor, distribuidor, etc. Sociedad Dominicana de Criminología,
Fecha de publicación, distribución, etc. 2006.
490 1# - MENCIÓN DE SERIE
Mención de serie Pensamiento criminológicos dominicano
Designación de volumen o secuencia 2
490 1# - MENCIÓN DE SERIE
Mención de serie Cuadernos de la cárcel
500 ## - NOTA GENERAL
Nota general Entrevistas con / Elio Gómez Grillo (Venezuela), Emma Mendoza Bremauntz (México), David Revera Nazario (Puerto Rico).
505 0# - NOTA DE CONTENIDO CON FORMATO
Nota de contenido con formato Los orígenes del penitenciarismo -- Seguridad y secuestro -- El interior de la prisión -- Los problemas de la cárcel -- El problema de los penitenciaristas -- El penitenciarismo venezolano -- El penitenciarismo mexicano -- El penitenciarismo puertorriqueño
650 #4 - PUNTO DE ACCESO ADICIONAL DE MATERIA--TÉRMINO DE MATERIA
Término de materia o nombre geográfico como elemento de entrada Prisiones
Subdivisión geográfica República Dominicana
9 (RLIN) 14299
650 #4 - PUNTO DE ACCESO ADICIONAL DE MATERIA--TÉRMINO DE MATERIA
Término de materia o nombre geográfico como elemento de entrada Prisiones
Subdivisión geográfica América Latina
9 (RLIN) 17068
830 #0 - PUNTO DE ACCESO ADICIONAL DE SERIE-TÍTULO UNIFORME
Título uniforme Pensamiento criminológicos dominicano
Número de parte o sección de la obra 2
9 (RLIN) 17069
830 #0 - PUNTO DE ACCESO ADICIONAL DE SERIE-TÍTULO UNIFORME
Título uniforme Cuadernos de la cárcel
9 (RLIN) 17070
Existencias
Estado de retiro Estado de pérdida Restricciones de uso No para préstamo Código de colección Localización permanente Ubicación/localización actual Ubicación en estantería Fecha de adquisición Número de inventario Total de préstamos Signatura topográfica completa Código de barras Fecha visto por última vez Número de copia Precio válido a partir de Tipo de ítem Koha
    Préstamo interno   Dominicana de Servicio General General En catalogación 26.08.2009 LF1   365 M827, 2006 6062-30 25.06.2020 e. 3 25.06.2020 Libro y Folleto Colección Dominicana de Servicio
      Excluido de préstamo Patrimonio Dominicano Patrimonio Dominicano Patrimonio Dominicano En catalogación 26.08.2009 LF1   365 M827, 2006 6062-10 25.06.2020 e. 2 25.06.2020 Libro y Folleto Colección Patrimonio Dominicano
      Excluido de préstamo Patrimonio Dominicano Patrimonio Dominicano Patrimonio Dominicano En catalogación 26.08.2009 LF1   365 M827, 2006 6062-20 25.06.2020   25.06.2020 Libro y Folleto Colección Patrimonio Dominicano

Con tecnología Koha